[Event "Jaen-ch Seniors 1st"]
[Site "Jaen"]
[Date "2018.03.18"]
[Round "3.5"]
[White "Lerma Moreno, Juan Manuel"]
[Black "Sanchez Varo, Francisco"]
[Result "1-0"]
[WhiteElo "1865"]
[BlackElo "1617"]
[PlyCount "145"]
[EventDate "2018.03.17"]
[EventType "swiss"]
[EventRounds "6"]
[EventCountry "ESP"]
[SourceTitle "EXT 2024"]
[Source "ChessBase"]
[SourceDate "2023.10.10"]
[SourceVersion "1"]
[SourceVersionDate "2023.10.10"]
[SourceQuality "1"]

1. Nf3 Nf6 2. c4 e6 3. Nc3 b6 4. g3 Bb7 5. Bg2 Be7 6. 0-0 0-0 7. Qc2 Na6 8. a3 c5 9. Re1 d5 10. cxd5 Nxd5 11. d4 Rc8 12. Nxd5 Bxd5 13. Qa4 Bb7 14. Rd1 Qc7 15. Be3 Qc6 16. Qc2 cxd4 17. Qxc6 Bxc6 18. Bxd4 Nc5 19. Bxc5 Bxc5 20. Rac1 f6 21. b4 Be7 22. Bh3 f5 23. Nd4 Bd5 24. Rxc8 Rxc8 25. Nxf5 Bf6 26. Ne3 Rd8 27. Nxd5 exd5 28. Be6+ Kf8 29. Rxd5 Rxd5 30. Bxd5 Ke7 31. e4 Kd6 32. Kf1 h6 33. Ke2 g5 34. f4 gxf4 35. gxf4 Bg7 36. Kd3 Bb2 37. a4 Bc1 38. f5 Bg5 39. Kc4 Bf6 40. Kb5 Kc7 41. Kc4 Kd6 42. Kd3 Ke5 43. Ke3 Be7 44. b5 Bg5+ 45. Kf3 Bf6 46. Kg4 Bg5 47. Kh5 Kf6 48. Bc6 Bf4 49. h3 Be3 50. Kg4 Bd4 51. Kf4 Be5+ 52. Ke3 Bb2 53. Kd3 Ke5 54. Kc2 Bd4 55. Kd3 Bb2 56. Kc4 Ba1 57. f6 Kxf6 58. Kd5 Be5 59. Bd7 Bg3 60. Kc6 Ke5 61. Bf5 Kd4 62. Kb7 Kc5 63. Kxa7 Be5 64. Kb7 Bf4 65. Ka6 Be5 66. a5 bxa5 67. Kxa5 Bc7+ 68. Ka6 Bd6 69. b6 Kc6 70. Be6 Bb8 71. Bd5+ Kd7 72. Kb7 Be5 73. Ka8 1-0

[Event "ESP-ch 78th"]
[Site "Linares"]
[Date "2013.09.03"]
[Round "6"]
[White "Lerma Moreno, Juan Manuel"]
[Black "Aranaz Murillo, Amalia"]
[Result "0-1"]
[WhiteElo "1923"]
[BlackElo "2246"]
[PlyCount "104"]
[EventDate "2013.08.29"]
[EventType "swiss"]
[EventRounds "9"]
[EventCountry "ESP"]
[SourceTitle "CBM 156 Extra"]
[Source "ChessBase"]
[SourceDate "2013.10.22"]
[SourceVersion "1"]
[SourceVersionDate "2013.10.22"]
[SourceQuality "1"]

1. Nf3 Nf6 2. c4 b6 3. g3 Bb7 4. Bg2 e6 5. 0-0 Be7 6. Nc3 0-0 7. d4 Na6 8. a3 c5 9. Nb5 cxd4 10. Qxd4 Nc5 11. Qd1 d5 12. cxd5 Nxd5 13. b4 Bf6 14. Rb1 Ne4 15. Bb2 a6 16. Qc2 Bxb2 17. Rxb2 axb5 18. Qxe4 Rxa3 19. Rc1 Qa8 20. Ng5 g6 21. Qh4 h5 22. Qd4 Ra1 23. Rbc2 Rxc1+ 24. Rxc1 Qa3 25. Ra1 Qb3 26. Ra7 Nc3 27. Qe5 Qd1+ 28. Bf1 Qd5 29. Nf3 Rc8 30. Qe3 Qe4 31. Qd2 Bd5 32. Ra1 Qxb4 33. Nd4 Nxe2+ 34. Qxe2 Qxd4 35. Rd1 Qe4 36. Qxe4 Bxe4 37. Bxb5 Rc5 38. Be2 Rc3 39. f4 Kg7 40. Kf2 Bd5 41. Rb1 Rb3 42. Rc1 b5 43. h3 Kf6 44. Rc5 b4 45. g4 Rxh3 46. gxh5 gxh5 47. Ke1 h4 48. Rb5 Rh1+ 49. Kd2 Rh2 50. Rxb4 Bf3 51. Ke3 Bxe2 52. Rb2 Rg2 0-1